| 000 | 01154nam a2200289 a 4500 | ||
|---|---|---|---|
| 001 | 000023491 | ||
| 005 | 20200930022246.0 | ||
| 008 | 101209s1990 mx 000 0 spa d | ||
| 020 | _a9688801844 | ||
| 040 |
_aDO-SdBNP _bspa _cBNPHU |
||
| 041 | 1 | 7 |
_aspa _heng _2Código de idiomas MARC |
| 082 |
_a658.154 _bW458p, 1990 |
||
| 100 | 1 |
_aWelsch, Glenn A. _948404 |
|
| 240 | 1 | 0 |
_aBudgeting, profit planning and control. _lEspañol |
| 245 | 1 | 0 |
_aPresupuestos : _bplanificación y control de utilidades / _cGLenn A. Welsch, Ronald W. Hilton y Paul N. Gordon ; traducción Julián Vázquez Prada Gutiérrez ; revisión técnica Lourdes Linares Castro. |
| 250 | _a5a ed. | ||
| 260 |
_aMéxico, D. F. : _bPrentice Hall Hispanoamericana, _c1990. |
||
| 300 |
_a697 p. ; _c23 cm. |
||
| 534 |
_a[Título en inglés] : _tBudgeting, profit planning and control |
||
| 650 | 4 |
_aPresupuesto (empresas privadas) _936083 |
|
| 650 | 4 |
_aPolítica financiera _947042 |
|
| 700 | 1 |
_aHilton, Ronald W. _948405 |
|
| 700 | 1 |
_aGordon, Paul N. _948406 |
|
| 700 | 1 |
_aVázquez Prada Gutiérrez, Julián, _etr. _948407 |
|
| 700 | 1 |
_aLinares Castro, Lourdes. _948408 |
|
| 049 | _aBNGR | ||
| 999 |
_c22987 _d22987 |
||